00622nam a2200157 a 450000100100000000500170001000800410002704000250006811000650009324500820015826000360024030000570027604900090033395201050034299900170044700003178720200930063159.0110701s1976 dr 000 0 spa d aDO-SdBNPbspacBNPHU1 aRepública DominicanabPresidencia de la República91706510aCeremonial del acto de inhumación de los restos de los padres de la patria. aSanto Domingo :b[s.n.],c1976. a1v. con varias paginaciones :bil., retrs. ;c26 cm. aBNPD 0010718PDaPDbPDcCTd2011-07-01iLF1l0o p31787-10r2020-06-25w2020-06-25yLFPDZNo se presta c31279d31279